000 00380pab a2200157 454500
008 180718b1989 xxu||||| |||| 00| 0 eng d
100 _aKlepper, Steven
245 _aThe role of tax preparers in tax compliance
260 _c1989
300 _a167-94
362 _aMay
650 _aTaxation - U.S.A.
700 _aDaniel Nagin
773 _aPolicy Sciences
909 _a19747
999 _c19747
_d19747